Microbiology : (Record no. 2872)

000 -LEADER
fixed length control field 00878nam a2200265 a 4500
003 - CONTROL NUMBER IDENTIFIER
control field OSt
005 - DATE AND TIME OF LATEST TRANSACTION
control field 20210723060536.0
008 - FIXED-LENGTH DATA ELEMENTS--GENERAL INFORMATION
fixed length control field 900206s1991 nyua b 000 0 eng c
020 ## - INTERNATIONAL STANDARD BOOK NUMBER
International Standard Book Number 0070519811 :
040 ## - CATALOGING SOURCE
Transcribing agency DLC
049 ## - LOCAL HOLDINGS (OCLC)
Holding library JHWW
Notes about holdings o
050 ## - LIBRARY OF CONGRESS CALL NUMBER
Classification number QR61.5
Item number .M57 1991
096 ## - LOCALLY ASSIGNED NLM-TYPE CALL NUMBER (OCLC)
Classification number QW 18 M626 1991
245 00 - TITLE STATEMENT
Title Microbiology :
Remainder of title PreTest self-assessment and review.
250 ## - EDITION STATEMENT
Edition statement 6th ed. /
Remainder of edition statement edited by Richard C. Tilton, Kay Buchanan.
260 ## - PUBLICATION, DISTRIBUTION, ETC.
Place of publication, distribution, etc. New York :
Name of publisher, distributor, etc. McGraw-Hill, Health Professions Division, PreTest Series,
Date of publication, distribution, etc. c1991.
300 ## - PHYSICAL DESCRIPTION
Extent vii, 177 p. :
Other physical details ill. ;
Dimensions 22 cm.
504 ## - BIBLIOGRAPHY, ETC. NOTE
Bibliography, etc. note Includes bibliographical references (p. 177).
650 #2 - SUBJECT ADDED ENTRY--TOPICAL TERM
Topical term or geographic name entry element Microbiology
Form subdivision examination questions.
700 1# - ADDED ENTRY--PERSONAL NAME
Personal name Tilton, Richard C.
700 1# - ADDED ENTRY--PERSONAL NAME
Personal name Buchanan, Kay.
910 ## - USER-OPTION DATA (OCLC)
User-option data 150096
942 ## - ADDED ENTRY ELEMENTS (KOHA)
Source of classification or shelving scheme
Koha item type Book
Suppress in OPAC SO
945 ## - LOCAL PROCESSING INFORMATION (OCLC)
a MATT
b 1
d 14.36
g IRC
h MAH
j QW 18 M626
k 910829
n 70
q F
z PAPER
w 1
Holdings
Withdrawn status Lost status Source of classification or shelving scheme Damaged status Not for loan Permanent Location Current Location Shelving location Date acquired Source of acquisition Total Checkouts Full call number Barcode Date last seen Price effective from Koha item type Public note
          AU LIBRARY AU LIBRARY Open Shelf 23.07.2021 DONATION FROM MOI UNIVERSITY   QR61.5 .M57 1991 28003734 23.07.2021 23.07.2021 Book SO

Powered by Koha